00831 2200289 4500001002100000005001500021035002000036007000300056008004100059020002200100040002200122082001400144084001600158090002200174100002900196245006700225250003400292300003000326850001200356264003000368336002100398337003000419338002300449999002200472650002500494990002200519INLIS00000000088378620240219091835 a0010-0224000333ta240213 2023 yoi g ind d a978-623-827-038-1 aYOPDYOGbinderda04223a153.8 a153.8 NAN t aCB-D.11 2023-32910 aNani Kurnianibpengarang10a75 kata motivasi hidup dari tokoh-tokoh dunia /cNani Kurniani aCetakan pertama, Agustus 2023 axiv, 171 halaman ;c20 cm aYOPDYOG31aBantul :bAlineaku,c2023 2rdacontentateks 2rdamediaatanpa perantara 2rdacarrieravolume aCB-D.11/2023-3291 aMotivasi (psikologi) aCB-D.11/2023-3291